| 000 | 00563nam a2200145Ia 4500 | ||
|---|---|---|---|
| 008 | 200903s9999 xx 000 0 und d | ||
| 020 | _a978-0-8153-4903-7 | ||
| 100 | _aO'Donoghue, Tom | ||
| 245 |
_cTom O'Donoghue.-- _aPlanning your qualitative research thesis and project : _bAn introduction to interpretivist research in education and the social sciences / |
||
| 250 | _a2nd ed. | ||
| 260 |
_aOxon : _bRoutledge _c2019 |
||
| 300 |
_axiii , 206 pages : _billustration ; _c23 cm. |
||
| 650 | _aEducation -- research -- methodology | ||
| 650 | _aQualitative research | ||
| 999 |
_c364038 _d364038 |
||